00353nam a2200133Ia 4500008004100000020001800041041000800059082001500067100001700082245006100099260004000160300000900200500001000209220803s9999 xx 000 0 und d a9780470850763 aeng a720.28 SIL aSilver M Ed. aMapping In The Age Of Digital Media : The Yale Symposium aUnited KingdombWiley Academyc2003 a144p aDIGIT